00375 a2200133 450000500170000002000180001710000160003524500700005125000120012126000260013330000540015994200130021399900150022620250613162811.0 a0 273 31415 7 aMORRISON, A aStorage and Control of Stock: For Industry and Public Undertaking a2nd Ed. aTorontobPITMANc1967 axiv, 271p.: ill; Chat, Figure, TablebIndexc21cm 2ddccBKS c4015d4015